| 000 | 00435 a2200145 4500 | ||
|---|---|---|---|
| 005 | 20250530132017.0 | ||
| 020 | _a9987-617-35-2 | ||
| 082 | _a651.7 SHU | ||
| 100 | _aSHUMBUSHO, G..N. | ||
| 245 | _aBusiness Communication Skills : Students Handbook | ||
| 260 |
_aDar es Salaam, _bResearch Information and publications Department, _c2004. |
||
| 300 |
_aii, 86p.: Ill.; figures. _c22cm. |
||
| 700 | _aMWAIJANDE, F. A. | ||
| 942 |
_2ddc _cBKS |
||
| 999 |
_c2893 _d2893 |
||